000 nam a22 7a 4500
999 _c329335
_d329335
003 Nust
005 20170503114807.0
008 170503b xxu||||| |||| 00| 0 eng d
040 _cDLC
082 _a891.55 FAZ
100 _aقاضی فضل حق
245 _aروح نوین
260 _aLahore :
_bSang e meel Publisher,
300 _a408p. :
942 _2ddc
_cBK